000 00446nam a2200181Ia 4500
001 14674
005 20260306164931.0
008 260306t2019||||xx |||||||||||||| ||spa||
041 _aESP
082 _a515.63
_bA48
100 _aAlvarado Arellano, Martha
_eAUT
245 0 _aCálculo vectorial por competencias
260 _c2019
300 _axxxii, 387 páginas :
_c27 cm.
650 _aGEN
654 _aCMA
942 _cLIB
_dJUS
_fJUS
_2ddc
_n
999 _c14674
_d14674